| 000 | 00959nam a22002417a 4500 | ||
|---|---|---|---|
| 005 | 20260331133039.0 | ||
| 008 | 260331b |||||||| |||| 00| 0 eng d | ||
| 040 |
_aSPU _cSPU _ddwaswala |
||
| 050 |
_aTHE HG1710 _b.M37 2025 |
||
| 100 | _aMasila, Lewis Muia | ||
| 245 | _aDigital Banking, Operational Efficiency, Competitive Intensity and Service Delivery among Commercial Banks in Kenya | ||
| 260 |
_aLimuru, Kenya: _bSt. Paul's University, _c2025. |
||
| 300 |
_axiii, 262p.; _bill. _c30cm. |
||
| 500 | _aA Thesis Submitted to the School of Business and Leadership Studies in Fulfilment of the Requirements for the Award of Degree of Doctor of Philosophy in Business Administration | ||
| 650 | _aCustomer services | ||
| 650 | _aBank management | ||
| 650 | _aElectronic funds transfers | ||
| 650 | _aInternet banking | ||
| 650 | _aBanks and banking | ||
| 700 |
_aMuhoho, John _eSupervisor |
||
| 700 |
_aSang, William _eSupervisor |
||
| 942 |
_2lcc _cTHES |
||
| 999 |
_c60315 _d60315 |
||